ESSENTIALS OF MEDICAL PHARMACOLOGY (Record no. 22872)

MARC details
000 -LEADER
fixed length control field 00392nam a22001697a 4500
003 - CONTROL NUMBER IDENTIFIER
control field SGT
020 ## - INTERNATIONAL STANDARD BOOK NUMBER
International Standard Book Number 9789352704996
082 ## - DEWEY DECIMAL CLASSIFICATION NUMBER
Classification number 615
Item number E21T
100 ## - MAIN ENTRY--PERSONAL NAME
Personal name TRIPATHI, K.D
245 ## - TITLE STATEMENT
Title ESSENTIALS OF MEDICAL PHARMACOLOGY
250 ## - EDITION STATEMENT
Edition statement 8TH
260 ## - PUBLICATION, DISTRIBUTION, ETC. (IMPRINT)
Place of publication, distribution, etc NEW DELHI
Name of publisher, distributor, etc JAYEE. PUB
Year of Publication 2021
300 ## - PAGE DESCRIPTION
No. of Pages 1122
650 ## - SUBJECT ADDED ENTRY--TOPICAL TERM
Topical term or geographic name as entry element PHARAMACOLOGY
653 ## - KEYWORDS--INDEX TERM
Keyword term PHARAMACOLOGY, MEDICAL
942 ## - ADDED ENTRY ELEMENTS (KOHA)
Source of classification or shelving scheme Dewey Decimal Classification
Koha item type Books
942 ## - ADDED ENTRY ELEMENTS (KOHA)
-- 10
Holdings
Withdrawn status Lost status Source of classification or shelving scheme Damaged status Not for loan Collection code Home library Current library Shelving location Date acquired Vendor Name Cost, normal purchase price SGTU Bill Number Total Checkouts Full call number Accession No. (Barcode) Date last seen Date last borrowed Bill Date Koha item type
    Dewey Decimal Classification     AYURVEDA SGT FA-FP Library SGT FA-FP Library Text Book 20/06/2022 AHUJA PUBLICATION 1695.00 SGTU 14473 6 615 E21T FA11355 18/08/2025 18/08/2025 19/05/2022 Books
    Dewey Decimal Classification     AYURVEDA SGT FA-FP Library SGT FA-FP Library Text Book 20/06/2022 AHUJA PUBLICATION 1695.00 SGTU 14473 7 615 E21T FA11356 06/03/2026 19/02/2026 19/05/2022 Books